000 00282nam a2200121Ia 4500
008 190216s9999||||xx |||||||||||||| ||und||
100 _aMarston Bates
245 0 _aMan In Nature
260 _bPrentice Hall Of India Pvt Ltd
_c1958
300 _a116p
650 _aBotany
942 _cBK
999 _c1062
_d1062